<?xml version="1.0" encoding="UTF-8"?>
<record
    xmlns:xsi="http://www.w3.org/2001/XMLSchema-instance"
    xsi:schemaLocation="http://www.loc.gov/MARC21/slim http://www.loc.gov/standards/marcxml/schema/MARC21slim.xsd"
    xmlns="http://www.loc.gov/MARC21/slim">

  <leader>00959    a2200229   4500</leader>
  <controlfield tag="005">20081010110426.0</controlfield>
  <controlfield tag="008">081010t        xxu||||| |||| 00| 0 eng d</controlfield>
  <datafield tag="010" ind1=" " ind2=" ">
    <subfield code="a">Ur-6969</subfield>
  </datafield>
  <datafield tag="020" ind1=" " ind2=" ">
    <subfield code="c">175.00</subfield>
    <subfield code="a">8180420086</subfield>
  </datafield>
  <datafield tag="035" ind1=" " ind2=" ">
    <subfield code="a">U-5546</subfield>
  </datafield>
  <datafield tag="037" ind1=" " ind2=" ">
    <subfield code="b">D.B.Act/pub</subfield>
  </datafield>
  <datafield tag="082" ind1=" " ind2=" ">
    <subfield code="a">840.08</subfield>
  </datafield>
  <datafield tag="100" ind1=" " ind2=" ">
    <subfield code="a">&#x645;&#x627; &#x646;&#x6A9; &#x679;&#x627; &#x644;&#x627;</subfield>
  </datafield>
  <datafield tag="245" ind1=" " ind2=" ">
    <subfield code="a">&#x628;&#x627; &#x628;&#x627; &#x6D3; &#x627;&#x631;&#x62F;&#x648; &#x627;&#x648;&#x631; &#x628;&#x631;&#x627;&#x62F;&#x631;&#x627;&#x646; &#x64A;&#x648; &#x633;&#x641;</subfield>
    <subfield code="c">&#x645;&#x627; &#x646;&#x6A9; &#x679;&#x627;&#x644;&#x627;</subfield>
  </datafield>
  <datafield tag="260" ind1=" " ind2=" ">
    <subfield code="a">&#x646;&#x626; &#x62F;&#x6BE;&#x644;&#x6CC;</subfield>
    <subfield code="b">&#x645;&#x648;&#x688;&#x631;&#x646; &#x67E;&#x628;&#x644;&#x64A;&#x634;&#x646;&#x6AF; &#x6C1;&#x627; &#x624;&#x633;</subfield>
    <subfield code="c">2005</subfield>
  </datafield>
  <datafield tag="270" ind1=" " ind2=" ">
    <subfield code="a">9-&#x6AF;&#x648;&#x644;&#x627; &#x645;&#x627; &#x631; &#x6A9;&#x64A;&#x679; &#x62F;&#x631;&#x64A;&#x627; &#x6AF;&#x646;&#x62C;</subfield>
    <subfield code="b">&#x646;&#x626; &#x62F;&#x6BE;&#x644;&#x6CC;</subfield>
    <subfield code="e">110002</subfield>
    <subfield code="k">011-23278869</subfield>
  </datafield>
  <datafield tag="300" ind1=" " ind2=" ">
    <subfield code="a">176 &#x635;</subfield>
    <subfield code="b">22      &#x633;&#x64A;&#x646;&#x679;&#x6CC; &#x645;&#x64A;&#x679;&#x631;</subfield>
  </datafield>
  <datafield tag="650" ind1=" " ind2=" ">
    <subfield code="a">&#x62A;&#x62D;&#x642;&#x64A;&#x642;&#x60C;&#x62A;&#x646;&#x642;&#x64A;&#x62F;&#x60C; &#x648; &#x62A;&#x62E;&#x644;&#x64A;&#x642;</subfield>
  </datafield>
  <datafield tag="700" ind1=" " ind2=" ">
    <subfield code="a">&#x67E;&#x631; &#x64A;&#x645; &#x6AF;&#x648; &#x67E;&#x627; &#x644; &#x645;&#x62A;&#x644;</subfield>
  </datafield>
  <datafield tag="942" ind1=" " ind2=" ">
    <subfield code="a">dpl</subfield>
    <subfield code="c">UR</subfield>
    <subfield code="2">ddc</subfield>
    <subfield code="h">840.08</subfield>
    <subfield code="m">&#x679; &#x627; &#x644;</subfield>
  </datafield>
  <datafield tag="999" ind1=" " ind2=" ">
    <subfield code="c">1528</subfield>
    <subfield code="d">1528</subfield>
  </datafield>
  <datafield tag="952" ind1=" " ind2=" ">
    <subfield code="0">0</subfield>
    <subfield code="1">0</subfield>
    <subfield code="2">ddc</subfield>
    <subfield code="4">0</subfield>
    <subfield code="7">1</subfield>
    <subfield code="8">NFIC</subfield>
    <subfield code="a">DBAD</subfield>
    <subfield code="b">DBAD</subfield>
    <subfield code="d">2008-10-10</subfield>
    <subfield code="g">175.00</subfield>
    <subfield code="l">0</subfield>
    <subfield code="o">840.08 &#x679; &#x627; &#x644;</subfield>
    <subfield code="p">U-5546</subfield>
    <subfield code="r">2008-09-15 00:00:00</subfield>
    <subfield code="t">1</subfield>
    <subfield code="u">1605</subfield>
    <subfield code="v">175.00</subfield>
    <subfield code="w">2008-09-15</subfield>
    <subfield code="y">UR</subfield>
  </datafield>
</record>
